=LDR 00000nam 2200000 4500 =001 INLIS000000000027189 =005 20130612125602 =008 ***********************************Ind** =035 ##$$0010-061300000027189 =041 ##$$a Ind =082 ##$$a 720.054 =090 ##$$a 720.054, Hen s =100 ##$$a Hendromartono, Wijoyo =245 ##$$a sepuluh rumah usaha, memilih jurus usaha merancang ruang usaha, Wijoyo Hendrotono ; editor, Johana Erly W =260 ##$$a 2007 $b Jakarta =300 ##$$a 63 hlm, ilus, 27 cm =650 ##$$a Rumah Tinggal-Rumah Usaha-Majalah =700 ##$$a Erly, W, Johana =850 ##$$a NBPNMAT